000 00383cam a2200181 4500
001 D13404
008 090401t1953 xxu||||| |||| 00| 0 eng d
035 _a(Sirsi) u9550
041 _aeng
100 _aMegarry, R.E.
245 4 _aThe rent Acts
250 _a7th
260 _bStevens & Sons
_c1953
350 _a0
520 _aShelf 132
942 _n0
948 _c04/03/1997
999 _c86639
_d86639